| 000 -CABECERA |
| Longitud fija campo de control |
01219nam a2200325 i 4500 |
| 001 - NÚMERO DE CONTROL |
| Número de control |
.b75445232 |
| 003 - IDENTIFICADOR DEL NÚMERO DE CONTROL |
| Identificador del número de control |
OSt |
| 005 - FECHA Y HORA DE LA ÚLTIMA TRANSACCIÓN |
| Fecha y hora de la última transacción |
20240119093859.0 |
| 008 - CÓDIGOS DE INFORMACIÓN DE LONGITUD FIJA |
| Códigos de información de longitud fija |
210527e202103 spc|||| ||||| 0|0 0dcat| |
| 017 ## - NÚMERO DE COPYRIGHT O DE DEPÓSITO LEGAL |
| Número de copyright o de depósito legal |
DL L-66-2021 |
| Agencia que asigna el número |
Biblioteca de Catalunya |
| 020 ## - NÚMERO INTERNACIONAL NORMALIZADO PARA LIBROS |
| Número Internacional Normalizado para Libros (ISBN) |
9788413032481 |
| 040 ## - FUENTE DE LA CATALOGACIÓN |
| Centro catalogador de origen |
ES-BaBC |
| Lengua de catalogación |
cat |
| Normas de descripción |
rda |
| Centro transcriptor |
ES-BaBC |
| 100 1# - PUNTO DE ACCESO PRINCIPAL-NOMBRE DE PERSONA |
| Nombre de persona |
López, Alfons, |
| Fechas asociadas al nombre |
1950- |
| Término indicativo de función |
artista |
| 245 10 - MENCIÓN DE TÍTULO |
| Título |
8 hores: el Noi del Sucre i la vaga de La Canadenca / |
| Mención de responsabilidad, etc. |
[dibuixant] Alfons López & [autor] Pepe Gálvez |
| 246 30 - VARIANTES DE TÍTULO |
| Título propio / Título en breve |
Noi de sucre i la vaga de La Canadenca |
| 264 #1 - PRODUCCIÓN, PUBLICACIÓN , DISTRIBUCIÓN, FABRICACIÓN Y COPYRIGHT |
| Lugar de producción, publicación, distribución, fabricación |
Lleida : |
| Nombre del productor, editor, distribuidor, fabricante |
Pagès Editors, |
| Fecha de de producción, publicación, distribución, fabricación o copyright |
2021 |
| 300 ## - DESCRIPCIÓN FÍSICA |
| Extensión |
101 pàgines : |
| Otras características físicas |
principalment il·lustracions ; |
| Dimensiones |
24 cm |
| 490 1# - MENCIÓN DE SERIE |
| Mención de serie |
D' Dobletinta ; |
| Designación de volumen o secuencia |
[1] |
| 504 ## - NOTA DE BIBLIOGRAFÍA, ETC |
| Nota de bibliografía, etc. |
Bibliografia pàgina 99 |
| 600 17 - PUNTO DE ACCESO ADICIONAL DE MATERIA - NOMBRE DE PERSONA |
| Nombre de persona |
Seguí, Salvador, |
| Fechas asociadas al nombre |
1886-1923 |
| Subdivisión de forma (R ) |
Còmics |
| Fuente de encabezamiento o te&ecute,rmino |
lemac |
| 650 #7 - PUNTO DE ACCESO ADICIONAL DE MATERIA - TÉRMINO DE MATERIA |
| Término de materia o nombre geográfico como elemento inicial |
Canadenca, Vaga de la, Barcelona, Catalunya, 1919 |
| Subdivisión de forma |
Còmics |
| Fuente del encabezamiento o término |
lemac |
| 650 #7 - PUNTO DE ACCESO ADICIONAL DE MATERIA - TÉRMINO DE MATERIA |
| Término de materia o nombre geográfico como elemento inicial |
Dirigents sindicals |
| Subdivisión geográfica |
Catalunya |
| Subdivisión de materia general |
Biografia |
| Fuente del encabezamiento o término |
lemac |
| 650 #7 - PUNTO DE ACCESO ADICIONAL DE MATERIA - TÉRMINO DE MATERIA |
| Término de materia o nombre geográfico como elemento inicial |
Moviment obrer |
| Subdivisión geográfica |
Catalunya |
| Subdivisión de materia general |
Història |
| Subdivisión cronológica |
S. XX |
| Fuente del encabezamiento o término |
lemac |
| 650 #7 - PUNTO DE ACCESO ADICIONAL DE MATERIA - TÉRMINO DE MATERIA |
| Término de materia o nombre geográfico como elemento inicial |
Vagues generals |
| Subdivisión geográfica |
Catalunya |
| Subdivisión cronológica |
1919 |
| Subdivisión de forma |
Còmics |
| Fuente del encabezamiento o término |
lemac |
| 655 #7 - TÉRMINO DE INDIZACIÓN - GÉNERO/FORMA |
| Datos o término principal de género/forma |
Còmics |
| Fuente del término |
rbgenr//cat |
| 700 1# - PUNTO DE ACCESO ADICIONAL - NOMBRE DE PERSONA |
| Nombre de persona |
Gálvez, Pepe, |
| Fechas asociadas al nombre |
1950- |
| Término indicativo de función |
autor |
| 830 #0 - PUNTO DE ACCESO ADICIONAL DE SERIE - TÍTULO UNIFORME |
| Título uniforme |
Dobletinta ; |
| Designación de volumen o secuencia |
1 |
| 940 ## - |
| T&íacute;tulo uniforme |
<a href="BC">BC</a> |
| 942 ## - ENTRADA DE ELEMENTOS AGREGADOS (KOHA) |
| Fuente de clasificaión o esquema |
|
| Koha [por defecto] tipo de item |
Monografies |